000 00696nam a2200217 i 4500
001 149027
003 ES-MaACL
005 20250807071819.0
007 t|
008 070214s1935 xxk r ||||1| eng d
100 1 _aSuttie, Ian D.
_9108884
245 1 4 _aThe origins of love and hate /
_cby Ian D. Suttie, M. D. ; with a preface by Dr. J. A. Hadfield.
260 _aLondon :
_bKegan Paul, Trench, Trubner & Co.,
_c1935 (
_fHeadley Brothers)
300 _aXVI, 275 p. ;
_c22 cm.
650 7 _aAmor
_2embne
_99754
650 0 7 _aOdio
_2embne
_915687
650 0 4 _aPsicoanálisis.
_916530
700 1 _aHadfield, J. A.
_961409
852 _aES-MaACL
_jA-4166
999 _c149027
_d149027